Teams that have won the Europa league - Statistics

General Stats
  • This quiz has been taken 13 times
  • The average score is 18 of 39
Answer Stats
Hint Answer % Correct
Think of the Big Six of England Liverpool
77%
They won it the most times Sevilla
77%
Netherlands and Antony Ajax
69%
Mambo Number 5-1 and 8-2 Bayern
69%
They have beaten bottle FC Chelsea
69%
Pogba, Cristiano Ronaldo and Harry Maguire Man U
69%
They won it this year Atalanta
62%
Turkish team Galatasaray
62%
R9 Inter
62%
A team in Italy Juve
62%
Winners of the 2004 Champions league final Porto
62%
Another Netherlands team PSV
62%
Penalty para Real Madrid
62%
Italian club in Rome Roma
62%
Bottle FC Arsenal
54%
They lose every time they are in a final of the champions league Atletico Madrid
54%
Another Russian team CSKA
54%
Part of the same league as Ajax Feyenoord
54%
The invincibles of germany Leverkusen
54%
Another shocking team to win the cup that's in germany Schalke 04
54%
Russia Zenit
54%
A team that has recently won the serie A Napoli
46%
I don't have any hints for Newcastle Newcastle
46%
A team that's dificult to pronounce thats in Belgium Anderlecht
38%
There are in Germany Frankfurt
38%
Trust me put IFK IFK
38%
They have a bat in there logo Valencia
38%
David de gea's pen Villarreal
38%
VERY DIFICULT TEAM to say the name of that is in Germany Borussia
31%
Ok well its Real Zaragoza Real Zaragoza
31%
Ukraine Shakhtar
31%
Team that had the likes of Modric, Kovac and more Dinamo
23%
Hungary team you know what its ferencvaros Ferencvaros
23%
Historical team that is not really good in the present day Leeds
23%
By far one of the most shocking teams to win the cup Parma
23%
Bonus:Featured the best 11 and bench players of England (XI) England XI
8%
Had Great History but we're broke for a period of time Barcaa
0%
Just got promoted back into the premier league Impswich Town
0%
Think the big Six of England Totteham
0%
No matching quizzes found
Score Distribution
Percent of People with Each Score
Percentile by Number Answered
Your Score History
You have not taken this quiz